Фундаменты: учебное пособие для вузов

Մատենագիտական մանրամասներ
Հիմնական հեղինակ: Тетиор А. Н. Александр Никанорович
Ամփոփում:Приведены методы расчета и проектирования всех основных типов фундаментов с учетом результатов современных экспериментальных исследований. Описаны краткая история фундаментостроения, назначение и типы фундаментов, влияние грунтовых условий на выбор оптимального варианта фундамента, особенности напряженно-деформированного состояния толстых фундаментных плит (действие усилий распора в их плоскости), расчет оснований. Даны методы расчета и конструирования ленточных, столбчатых, плитных фундаментов, фундаментов сооружений башенного типа в форме круглых и кольцевых плит, фундаментов типа «стена в грунте», свайных ростверков, анкерных фундаментов, фундаментов в особых условиях: при сейсмических воздействиях, на вечномерзлых грунтах, в условиях просадочных и слабых грунтов, торфов, пучинистых грунтов, скальных оснований. Освещены основные ошибки в фундаментостроении и методы устранения их последствий. Для студентов учреждений высшего профессионального образования.
Լեզու:ռուսերեն
Հրապարակվել է: Москва, Академия, 2010
Շարք:Высшее профессиональное образование. Строительство
Խորագրեր:
Ձևաչափ: Գիրք
KOHA link:https://koha.lib.tpu.ru/cgi-bin/koha/opac-detail.pl?biblionumber=183065

MARC

LEADER 00000nam0a2200000 4500
001 183065
005 20231101223734.0
010 |a 9785769553868 
035 |a (RuTPU)RU\TPU\book\198443 
090 |a 183065 
100 |a 20100630d2010 m y0rusy50 ca 
101 0 |a rus 
102 |a RU 
105 |a a j 001zy 
200 1 |a Фундаменты   |e учебное пособие для вузов  |f А. Н. Тетиор 
210 |a Москва  |c Академия  |d 2010 
215 |a 400 с.  |c ил. 
225 1 |a Высшее профессиональное образование. Строительство 
320 |a Библиогр.: с. 392-393. 
330 |a Приведены методы расчета и проектирования всех основных типов фундаментов с учетом результатов современных экспериментальных исследований. Описаны краткая история фундаментостроения, назначение и типы фундаментов, влияние грунтовых условий на выбор оптимального варианта фундамента, особенности напряженно-деформированного состояния толстых фундаментных плит (действие усилий распора в их плоскости), расчет оснований. Даны методы расчета и конструирования ленточных, столбчатых, плитных фундаментов, фундаментов сооружений башенного типа в форме круглых и кольцевых плит, фундаментов типа «стена в грунте», свайных ростверков, анкерных фундаментов, фундаментов в особых условиях: при сейсмических воздействиях, на вечномерзлых грунтах, в условиях просадочных и слабых грунтов, торфов, пучинистых грунтов, скальных оснований. Освещены основные ошибки в фундаментостроении и методы устранения их последствий. Для студентов учреждений высшего профессионального образования. 
606 1 |a Фундаменты  |2 stltpush  |3 (RuTPU)RU\TPU\subj\17003  |9 42861 
610 1 |a назначение 
610 1 |a типы 
610 1 |a основания 
610 1 |a расчет 
610 1 |a ленточные фундаменты 
610 1 |a столбчатые фундаменты 
610 1 |a фундаментальные плиты 
610 1 |a шлицевые фундаменты 
610 1 |a сваи 
610 1 |a ростверки 
610 1 |a анкерные фундаменты 
610 1 |a проектирование 
610 1 |a сооружения 
610 1 |a ошибки 
610 1 |a учебные пособия 
675 |a 624.157(075.8)  |v 3 
700 1 |a Тетиор  |b А. Н.  |g Александр Никанорович 
801 1 |a RU  |b 63413507  |c 20100630 
801 2 |a RU  |b 63413507  |c 20150724  |g RCR 
900 |a Строительные материалы, конструкции и машины 
942 |c BK 
951 |a 550100  |b 270100 
959 |a 47/20100630  |d 2  |e 489,50  |f АНЛ:1  |f ЧЗТЛ:1